Countries Least affected by Migration - Statistics

General Stats
  • This quiz has been taken 135 times
  • The average score is 8 of 20
Answer Stats
% E % I SUM Country % Correct
0.4% 0.2% 0.6% North Korea
77%
0.6% 1.6% 2.2% Japan
74%
0.7% 0.3% 1.0% China
69%
1.2% 0.4% 1.6% India
55%
2.0% 0.6% 2.6% Mongolia
50%
2.0% 0.8% 2.7% Democratic Republic of the Congo
48%
1.9% 1.0% 2.8% Niger
47%
0.6% 0.7% 1.2% Nigeria
40%
2.4% 0.5% 2.9% Angola
36%
1.5% 0.1% 1.6% Indonesia
36%
0.8% 0.4% 1.1% Brazil
33%
0.7% 0.1% 0.8% Madagascar
33%
2.7% 0.1% 2.8% Vietnam
33%
0.8% 1.1% 1.8% Ethiopia
32%
1.7% 1.2% 3.0% Malawi
32%
1.5% 0.8% 2.4% Zambia
32%
0.1% 0.3% 0.4% Papua New Guinea
31%
1.4% 1.6% 3.0% Cameroon
29%
0.6% 0.5% 1.1% Tanzania
29%
0.7% 0.4% 1.1% Solomon Islands
15%
No matching quizzes found
Score Distribution
Percent of People with Each Score
Percentile by Number Answered
Your Score History
You have not taken this quiz